000 00901cam a2200277 4500
008 090401t1999 xxu||||| |||| 00| 0 eng d
020 _a0854068953
035 _a(Sirsi) u86661
041 _aeng
050 _a333.33
110 _aRoyal Institution of Chartered Surveyors
_94900
245 4 _aThe UK property cycle - a history from 1921 to 1997 : an analysis of property cycles in the United Kingdom from 1921 to 1997.
260 _aLondon
_bRICS
_c1999
300 _a57p. ; 30cm.
350 _a14.95
490 _aRICS Research
520 _aA research project commissioned by the RICS and undertaken by Investment Property Databank.
650 _aIPD
650 _aPROPERTY CYCLES
650 _aPROPERTY PERFORMANCE
650 _aPROPERTY PRICING
690 _aPROPERTY-COMMERCIAL PROPERTY
710 _aInvestment Property Databank
_92288
942 _n0
948 _c08/06/1998
999 _c97151
_d97151